Моделирование управляемого подмагничиванием шунтирующего реактора; Электроэнергетика. "Энергия-2014"; Т. 3, ч. 1

Bibliographische Detailangaben
Parent link:Электроэнергетика. "Энергия-2014": Девятая международная научно-техническая конференция студентов, аспирантов и молодых ученых, Иваново, 15-17 апреля 2014 г. : материалы конференции/ Ивановский государственный энергетический университет (ИГЭУ).— , 2014
Т. 3, ч. 1.— 2014.— [С. 42-46]
1. Verfasser: Суворов А. А. Алексей Александрович
Körperschaft: Национальный исследовательский Томский политехнический университет (ТПУ) Энергетический институт (ЭНИН) Кафедра электроэнергетических систем (ЭЭС)
Weitere Verfasser: Гусев А. С. Александр Сергеевич (научный руководитель)
Zusammenfassung:Заглавие с титульного экрана
Sprache:Russisch
Veröffentlicht: 2014
Schriftenreihe:Секция 13. Электрические системы
Schlagworte:
Online-Zugang:http://ispu.ru/files/Energiya-2014_1.pdf#page=42
Format: MixedMaterials Elektronisch Buchkapitel
KOHA link:https://koha.lib.tpu.ru/cgi-bin/koha/opac-detail.pl?biblionumber=643651

MARC

LEADER 00000naa0a2200000 4500
001 643651
005 20250605124135.0
035 |a (RuTPU)RU\TPU\network\8646 
035 |a RU\TPU\network\8645 
090 |a 643651 
100 |a 20150918d2014 k y0rusy50 ca 
101 0 |a rus 
102 |a RU 
135 |a drcn ---uucaa 
181 0 |a i  
182 0 |a b 
200 1 |a Моделирование управляемого подмагничиванием шунтирующего реактора  |f А. А. Суворов  |g науч. рук. А. С. Гусев 
203 |a Текст  |c электронный 
225 1 |a Секция 13. Электрические системы 
300 |a Заглавие с титульного экрана 
320 |a [Библиогр.: с. 46 (2 назв.)] 
461 |t Электроэнергетика. "Энергия-2014"  |o Девятая международная научно-техническая конференция студентов, аспирантов и молодых ученых, Иваново, 15-17 апреля 2014 г. : материалы конференции  |f Ивановский государственный энергетический университет (ИГЭУ)  |d 2014 
463 |t Т. 3, ч. 1  |v [С. 42-46]  |d 2014 
610 1 |a труды учёных ТПУ 
610 1 |a электронный ресурс 
700 1 |a Суворов  |b А. А.  |c специалист в области электроэнергетики  |c доцент Томского политехнического университета, кандидат технических наук  |f 1990-  |g Алексей Александрович  |3 (RuTPU)RU\TPU\pers\35125  |9 18400 
702 1 |a Гусев  |b А. С.  |c специалист в области электроэнергетики  |c профессор Томского политехнического университета, доктор технических наук  |f 1947-  |g Александр Сергеевич  |4 727 
712 0 2 |a Национальный исследовательский Томский политехнический университет (ТПУ)  |b Энергетический институт (ЭНИН)  |b Кафедра электроэнергетических систем (ЭЭС)  |3 (RuTPU)RU\TPU\col\18675 
801 2 |a RU  |b 63413507  |c 20210629  |g RCR 
850 |a 63413507 
856 4 |u http://ispu.ru/files/Energiya-2014_1.pdf#page=42 
942 |c CF